Central Library OPAC University of Rajshahi

The splendour that was Egypt : (Record no. 24961)

MARC details
000 -LEADER
fixed length control field 00787nam a2200241 a 4500
001 - CONTROL NUMBER
control field 24961
003 - CONTROL NUMBER IDENTIFIER
rucl marc code BD-RJUL
005 - DATE AND TIME OF LATEST TRANSACTION
control field 20211209050818.0
008 - FIXED-LENGTH DATA ELEMENTS--GENERAL INFORMATION
fixed length control field 140315s19541949enkab 001 0 eng d
035 ## - SYSTEM CONTROL NUMBER
System control number (BD-RJUL)25030
040 ## - CATALOGING SOURCE
Original cataloging agency YDM
Transcribing agency YDM
Modifying agency EQO
Language of cataloging eng
041 ## - LANGUAGE CODE
Language code of text/sound track or separate title eng
082 ## - DEWEY DECIMAL CLASSIFICATION NUMBER
Classification number 932
Author mark and year MUS 1954
090 ## - LOCALLY ASSIGNED LC-TYPE CALL NUMBER (OCLC); LOCAL CALL NUMBER (OCLC)
Classification number (OCLC) (R) ; Classification number, CALL (RLIN) (NR) DT61
Local cutter number (OCLC) ; Book number/undivided call number, CALL (RLIN) .M8a
100 1# - MAIN ENTRY--PERSONAL NAME
Personal name Murray, Margaret Alice
9 (RLIN) 76782
245 14 - TITLE STATEMENT
Title The splendour that was Egypt :
Remainder of title a general survey of Egyptian culture and civilisation /
Statement of responsibility, etc. by Margaret A. Murray
260 ## - PUBLICATION, DISTRIBUTION, ETC. (IMPRINT)
Place of publication, distribution, etc. London :
Name of publisher, distributor, etc. Sidgwick and Jackson,
Date of publication, distribution, etc. C1949 [Impression 1954]
300 ## - PHYSICAL DESCRIPTION
Pagination xxiii, 354 p. :
Illustrations ill. (some col.) maps (on lining papers) ;
Size 24 cm
504 ## - BIBLIOGRAPHY, ETC. NOTE
Bibliography, etc includes index
651 #0 - SUBJECT ADDED ENTRY--GEOGRAPHIC NAME
Geographic name Egypt
General subdivision Civilization
9 (RLIN) 76783
Geographic name Egypt
General subdivision Antiquities
9 (RLIN) 66098
942 ## - ADDED ENTRY ELEMENTS (KOHA)
Source of classification or shelving scheme Dewey Decimal Classification
Koha item type Books
Holdings
Lost status Source of classification or shelving scheme Damaged status Not for loan Collection code Permanent Location Current Location Shelving location Date acquired Source of acquisition Cost, normal purchase price Total Checkouts Full call number Date last seen Copy number Koha item type
  Dewey Decimal Classification   Added to bundle Non-fiction Central Library, University of Rajshahi Central Library, University of Rajshahi Reading Room 24/09/1956 A. B. C. 24.60   932 MUS 1954 15/03/2014 C-1 Books